The noble scholar, jurist, historian


 His Excellency Dr. Abdul Wahhab bin Ibrahim Abu Sulaiman, may Allah have mercy on him.


 He was born in Umm Al-Qura in the year 1356 AH.

المحرر في اختصار الإلمام / (Record no. 67)

MARC details
000 -LEADER
fixed length control field 01481cam a2200301 i 4500
003 - CONTROL NUMBER IDENTIFIER
control field SA-RiAUC
005 - DATE AND TIME OF LATEST TRANSACTION
control field 20240907135315.0
008 - FIXED-LENGTH DATA ELEMENTS--GENERAL INFORMATION
fixed length control field 240905s1997 le g 000r0 ara c
040 ## - CATALOGING SOURCE
Original cataloging agency SA-RiAUC
Language of cataloging ara
Transcribing agency SA-RiAUC
Description conventions rda
082 04 - DEWEY DECIMAL CLASSIFICATION NUMBER
Classification number 250
Item number ا ب ن ق
Assigning agency SA-RiAUC
100 1# - MAIN ENTRY--PERSONAL NAME
Personal name ابن قدامة المقدسي، محمد بن أحمد بن عبد الهادي،
Dates associated with a name 705-744 هجري
Relator term مؤلف.
245 12 - TITLE STATEMENT
Title المحرر في اختصار الإلمام /
Statement of responsibility, etc. تأليف محمد بن أحمد بن عبد الهادي بن قدامة المقدسي ؛ تحقيق محمد حسن محمد حسن إسماعيل.
246 30 - VARYING FORM OF TITLE
Title proper/short title اختصار الإلمام
250 ## - EDITION STATEMENT
Edition statement الطبعة الأولى.
264 #1 - PRODUCTION, PUBLICATION, DISTRIBUTION, MANUFACTURE, AND COPYRIGHT NOTICE
Place of production, publication, distribution, manufacture بيروت :
Name of producer, publisher, distributor, manufacturer دار الكتب العلمية،
Date of production, publication, distribution, manufacture, or copyright notice 1997
300 ## - PHYSICAL DESCRIPTION
Extent 295 صفحة ؛
Dimensions 24 سم
336 ## - CONTENT TYPE
Content type term نص
Content type code txt
Source rdacontent
Materials specified كتاب
337 ## - MEDIA TYPE
Media type term بدون وسيط
Media type code n
Source rdamedia
338 ## - CARRIER TYPE
Carrier type term مجلد
Carrier type code nc
Source rdacarrier
500 ## - GENERAL NOTE
General note مختصر يشتمل على جملة من الأحاديث النبوية في الأحكام الشرعية اختاره المؤلف من كتب عدة.
650 #7 - SUBJECT ADDED ENTRY--TOPICAL TERM
Topical term or geographic name entry element الفقه الإسلامي
Source of heading or term aucsh
650 #7 - SUBJECT ADDED ENTRY--TOPICAL TERM
Topical term or geographic name entry element الحديث
General subdivision أحكام
Source of heading or term aucsh
650 17 - SUBJECT ADDED ENTRY--TOPICAL TERM
Topical term or geographic name entry element الفقه الحنبلي.
Source of heading or term aucsh
700 1# - ADDED ENTRY--PERSONAL NAME
Personal name الشافعي، محمد حسن محمد حسن إسماعيل
Relator term محقق.
856 4# - ELECTRONIC LOCATION AND ACCESS
Uniform Resource Identifier <a href="http://www.adabwafan.com/display/product.asp?id=1103">http://www.adabwafan.com/display/product.asp?id=1103</a>
942 ## - ADDED ENTRY ELEMENTS (KOHA)
Source of classification or shelving scheme Dewey Decimal Classification
Koha item type Books
949 ## - LOCAL PROCESSING INFORMATION (OCLC)
a SA-JeALM
d 240905
u khaled123
n 1
Holdings
Withdrawn status Lost status Source of classification or shelving scheme Materials specified (bound volume or other part) Damaged status Not for loan Home library Current library Date acquired Total checkouts Full call number Barcode Date last seen Price effective from Koha item type
    Dewey Decimal Classification المجلد الاول     DR AbdElwahab Library DR AbdElwahab Library 09/07/2024   250 ا ب ن ق 000000154 09/07/2024 09/07/2024 Books